Statistics for Gotham's Heroes

Click here to take the quiz!

General Stats

  • This quiz has been taken 106 times
  • The average score is 8 of 11

Answer Stats

Alter egoHero% Correct
Bruce WayneBatman
100%
Selina KyleCatwoman
94%
Damian WayneRobin
93%
Barbara GordonBatgirl
88%
(Rare occasion) Clark KentSuperman
86%
Dick GraysonNightwing
76%
Jason ToddRed Hood
64%
Kate KaneBatwoman
54%
Tim DrakeRed Robin
41%
Helena WayneHuntress
36%
Jean-Paul ValleyAzrael
28%

Score Distribution

Percentile by Number Answered

Percent of People with Each Score

Your Score History

You have not taken this quiz